Central Library OPAC University of Rajshahi

An intermediate commercial geography : (Record no. 25270)

MARC details
000 -LEADER
fixed length control field 00924nam a2200265I 4500
001 - CONTROL NUMBER
control field 25270
003 - CONTROL NUMBER IDENTIFIER
rucl marc code BD-RjUL
005 - DATE AND TIME OF LATEST TRANSACTION
control field 20211209050845.0
008 - FIXED-LENGTH DATA ELEMENTS--GENERAL INFORMATION
fixed length control field 140316s1949 enkab 001 0 eng d
035 ## - SYSTEM CONTROL NUMBER
System control number (BD-RjUL)25339
System control number (OCoLC)17065684
040 ## - CATALOGING SOURCE
Original cataloging agency RRR
Transcribing agency RRR
Modifying agency OCL
-- MYG
-- BD-RjUL
Language of cataloging eng
041 ## - LANGUAGE CODE
Language code of text/sound track or separate title eng
082 00 - DEWEY DECIMAL CLASSIFICATION NUMBER
Classification number 911.3
Author mark and year STI V-2 1949
100 1# - MAIN ENTRY--PERSONAL NAME
Personal name Stamp, L. Dudley
Fuller form of name (Laurence Dudley),
Dates associated with a name 1898-1966.
9 (RLIN) 11800
245 13 - TITLE STATEMENT
Title An intermediate commercial geography :
Statement of responsibility, etc. by L. Dudley Stamp.
Number of part/section of a work Part II :
Name of part/section of a work the economic geodraphy of the leading countries.
250 ## - EDITION STATEMENT
Edition statement 7th ed.
260 ## - PUBLICATION, DISTRIBUTION, ETC. (IMPRINT)
Place of publication, distribution, etc. London ;
-- New York :
Name of publisher, distributor, etc. Longmans, Green and Co.,
Date of publication, distribution, etc. 1949.
300 ## - PHYSICAL DESCRIPTION
Pagination xiii, 263-778 p. :
Illustrations illus.(incl. maps) diagrs.
Size 22 cm.
490 1# - SERIES STATEMENT
Series statement The university geographical series
504 ## - BIBLIOGRAPHY, ETC. NOTE
Bibliography, etc Includes index.
650 #0 - SUBJECT ADDED ENTRY--TOPICAL TERM
Topical term or geographic name as entry element Commercial geography.
9 (RLIN) 18812
830 #0 - SERIES ADDED ENTRY--UNIFORM TITLE
Uniform title University geographical series.
942 ## - ADDED ENTRY ELEMENTS (KOHA)
Source of classification or shelving scheme Dewey Decimal Classification
Koha item type Books
Holdings
Lost status Source of classification or shelving scheme Damaged status Not for loan Collection code Permanent Location Current Location Shelving location Date acquired Source of acquisition Cost, normal purchase price Total Checkouts Full call number Date last seen Copy number Koha item type
  Dewey Decimal Classification     Non-fiction Central Library, University of Rajshahi Central Library, University of Rajshahi Reading Room 24/01/1965 Pakistan Book Centre, Karachi. 12.18   911.3 STI V-2 1949 16/03/2014 C-1 Books